El pensamiento de Antonin Artaud / (Record no. 182785)

MARC details
000 -LEADER
campo de control de longitud fija 00683nam a2200205 i 4500
001 - NÚMERO DE CONTROL
campo de control 182785
003 - IDENTIFICADOR DE NÚMERO DE CONTROL
campo de control ES-MaACL
005 - FECHA Y HORA DE LA ÚLTIMA TRANSACCIÓN
campo de control 20230906221717.0
008 - DATOS DE LONGITUD FIJA--INFORMACIÓN GENERAL
campo de control de longitud fija 131031s1975 ag |||| | spa d
100 0# - ENTRADA PRINCIPAL--NOMBRE DE PERSONA
Nombre de persona Derrida, Jacques.
9 (RLIN) 43797
245 13 - MENCIÓN DEL TÍTULO
Título El pensamiento de Antonin Artaud /
Mención de responsabilidad, etc. Jacques Derrida, Julia Kristeva.
260 ## - PUBLICACIÓN, DISTRIBUCIÓN, ETC.
Lugar de publicación, distribución, etc. [S.l.] :
Nombre del editor, distribuidor, etc. Calden,
Fecha de publicación, distribución, etc. 1975.
300 ## - DESCRIPCIÓN FÍSICA
Extensión 124 p. ;
Dimensiones 20 cm.
490 1# - MENCIÓN DE SERIE
Mención de serie El hombre y su mundo ;
Designación de volumen o secuencia 18
600 04 - PUNTO DE ACCESO ADICIONAL DE MATERIA--NOMBRE DE PERSONA
Nombre de persona Artaud, Antonin-
Subdivisión general Crítica e interpretación.
9 (RLIN) 23423
700 1# - ENTRADA AGREGADA--NOMBRE PERSONAL
Nombre de persona Kristeva, Julia.
9 (RLIN) 68861
830 0# - PUNTO DE ACCESO ADICIONAL DE SERIE-TÍTULO UNIFORME
Título uniforme El hombre y su mundo ;
Designación de volumen o secuencia 18
9 (RLIN) 191851
852 ## - LOCALIZACIÓN
Ubicación ES-MaACL
Número de control de estantería 2328-F-13
Nota libre .- Donativo M. A. Velasco
Holdings
Estatus retirado Estado de pérdida Estado de daño No para préstamo Colección Biblioteca de origen Biblioteca actual Ubicación en estantería Fecha de adquisición Fuente de adquisición Total de préstamos Signatura topográfica completa Código de barras Visto por última vez Precio de reemplazo Tipo de ítem Koha
        Colección de folletos Biblioteca del Ateneo de Madrid Biblioteca del Ateneo de Madrid Depósito folletos 31/10/2013     2328-F-13 1192100 23/02/2023 23/02/2023 Folleto